000 00210nam a2200097Ia 4500
008 240331s9999 xx 000 0 und d
082 _bSUY
100 _aSuyamboo, P
245 0 _aMoli varalaatil Tamil
942 _cL
999 _c3668
_d3668